000 00634nam a22002291c 4500
001 00046299610
008 051003s1992 gw |||| 000u ger d
020 _a3518285920
_93-518-28592-0
041 _ager
100 1 _aGroh, Dieter
245 0 0 _aAnthropologische Dimensionen der Geschichte /
_cDieter Groh
250 _a1. Aufl.
264 _aFrankfurt am Main :
_bSuhrkamp,
_c1992
300 _a314 S.
650 0 _aHistorische Anthropologie
650 0 _aGeschichtsschreibung
655 0 _aAufsatzsammlung
942 _cMG
040 _cRU-10907106
003 RU-10907106
999 _c1417
_d1417
490 0 _aSuhrkamp-Taschenbuch Wissenschaft
_v992